000 00646nam a2200217 u 4500
005 20241129063739.0
008 150604s1996 ag r 000 0 spa d
020 _a9501111644
035 _aUPN01000204085
049 _aI
050 4 _aPZ10.3
_bT3.4
100 1 _aTaylor, Lis
_937020
245 1 0 _aCuentos para la siesta de Conejito /
_cLis Taylor ; il. Colin Petty ; tr. Olga Colella.
260 _aBuenos Aires :
_bSigmar,
_cc1996.
300 _a39 p. :
_bil. col.
440 0 _aCuentos para la siesta
650 4 _aConejos
_vCuentos y leyendas
_922085
650 4 _aCuentos infantiles
_96744
905 _aInfantil
999 _c176186
_d176186